Lateralita v úpolových športoch

Bibliographic Details
Main Authors: Scholzová, Alica, 1941- (Author), Hlúšek, Miroslav, 1978- (Author), Ramacsay, Ladislav, 1936- (Author)
Format: Article
Language:Slovak
Subjects:

MARC

LEADER 00000nab a2200000 a 4500
001 vtls000799677
003 SK-MaSNL
005 20260304104926.0
008 250429c2002 xo 0 slo
015 |a SNBRB2002/07-22294 
035 |a CLN000151332 
035 |a urn:nbn:sk:snk-ab9zen 
035 |a (urnnbn)urn:nbn:sk:snk:ar-a09653 
035 |a (uuid)31db889c-c25e-4cbf-9b89-07a9efe76da3 
040 |a SNKBUCL  |b slo  |c SNKBUCL  |e AACR2 
041 0 |a slo 
044 |a xo  |c SK 
080 |a 796.8.012.35  |2 1997 
100 1 |a Scholzová, Alica,  |d 1941-  |4 aut  |9 106495 
245 1 0 |a Lateralita v úpolových športoch  |c Alica Scholzová, Miroslav Hlúšek, Ladislav Ramacsay 
300 |b Obr. 
504 |a Bibliogr. odkazy 
504 |a Res. angl., nem. 
650 0 7 |a športy úpolové  |x pohyblivosť kĺbová  |x dynamometria  |2 snkbucl  |9 1405591 
655 7 |a články z novín a časopisov  |2 snkbucl  |9 267496 
700 1 |a Hlúšek, Miroslav,  |d 1978-  |4 aut  |9 112006 
700 1 |a Ramacsay, Ladislav,  |d 1936-  |4 aut  |9 450142 
773 0 |t Telesná výchova a šport  |g Roč. 12, č. 2 (2002), s. 7-12  |x 1335-2245 
850 |a Slovenská národná knižnica 
852 |a Slovenská národná knižnica 
954 |a odborná, vedecká literatúra pôvodná (slovenská)  |2 lita 
958 |a article13 
958 |a OND 
958 |a NB 
958 |a EUIPO 
992 |a RBX 
999 |c 2853621  |d 2855551